000 01429cam a22003735a 4500
001 013715594
003 Uk
005 20160731105531.0
008 070404s2007 enk frb 001 0 eng d
015 _aGBA728499
_2bnb
016 7 _a013715594
_2Uk
020 _a0521618150
020 _a9780521618151
040 _aStDuBDS
_beng
_cStDuBDS
_dEG-ScBUE
042 _aukblcatcopy
082 0 4 _222
_a821.9109112
_bCAM
245 0 4 _aThe Cambridge companion to modernist poetry /
_cedited by Alex Davis, Lee M. Jenkins.
260 _aCambridge :
_bCambridge University Press,
_c2007.
300 _axviii, 259 p. ;
_c24 cm.
490 0 _aCambridge companions to literature
500 _aIndex : p. 251-259.
504 _aBibliography : p. 244-250.
650 7 _aEnglish poetry
_y20th century
_xHistory and criticism.
_2BUEsh
_940540
650 7 _aAmerican poetry
_y20th century
_xHistory and criticism.
_2BUEsh
_937304
650 7 _aModernism (Literature)
_zGreat Britain.
_2BUEsh
_940541
650 7 _aModernism (Literature)
_zUnited States.
_2BUEsh
_940542
651 _2BUEsh
700 1 _aDavis, Alex‏ ‎
_c(English professor)‏
_eeditor.
_940538
700 1 _aJenkins, Lee M.‏ ‎
_eeditor.
_q(Lee Margaret)‏
_940539
830 0 _aCambridge companions to literature.
_930761
942 _2ddc
_e22
_k821.9109112 CAM
999 _c22071
_d22043